[Event "Europa ch 2008"]
[Site "Plovdiv BUL"]
[Date "2008.04.27"]
[Round "7.20"]
[White "Vajda, Levente"]
[Black "Areshchenko, Alexander"]
[Result "0-1"]
[WhiteElo "2582"]
[BlackElo "2650"]
[PlyCount "62"]
[EventDate "2008.04.21"]
[Source "www.chesslib.no"]
[SourceDate "2004.05.04"]

1. e4 c5 2. c3 d5 3. exd5 Qxd5 4. d4 g6 5. Nf3 Bg7 6. Be3 cxd4 7. Bxd4 Nf6 8. Qb3 Qe4+ 9. Be3 O-O 10. Nbd2 Qf5 11. Nd4 Qd7 12. N2f3 Nc6 13. O-O-O Qc7 14. h3 Na5 15. Qb4 b6 16. Nb3 Nxb3+ 17. axb3 Bf5 18. Ba6 e5 19. Rhe1 Rad8 20. Bc4 h6 21. Qb5 Ne4 22. Qb4 Nc5 23. Bxc5 bxc5 24. Qb5 h5 25. Rd5 Bh6+ 26. Kd1 e4 27. Nd2 Be6 28. Nxe4 Bxd5 29. Nf6+ Kg7 30. Nxd5 Qf4 31. Ke2 Rxd5 0-1

[Event "Dubai"]
[Site "?"]
[Date "2004.??.??"]
[Round "?"]
[White "Nisipeanu, L._D."]
[Black "Gelashvili, T."]
[Result "1-0"]
[WhiteElo "2690"]
[BlackElo "2540"]
[PlyCount "97"]
[EventDate "2004.??.??"]
[Source "Chess Informant"]
[SourceDate "2004.02.01"]

1. e4 c5 2. c3 d5 3. exd5 Qxd5 4. d4 Nf6 5. Nf3 Bg4 6. dxc5 Qxd1+ 7. Kxd1 Nc6 8. Be3 e5 9. h3 Bh5 10. g4 Bg6 11. Bb5 O-O-O+ 12. Nbd2 Nd5 13. Ke2 Nxe3 14. fxe3 Bxc5 15. Nh4 Be7 16. Nf5 Bf8 17. Nh4 Be7 18. Nxg6 hxg6 19. Raf1 Rdf8 20. Bd3 g5 21. Be4 Rh6 22. Nc4 f6 23. Rd1 Rd8 24. Bf5+ Kc7 25. Rxd8 Bxd8 26. Rd1 Nb8 27. Nd6 Be7 28. Nc8 Bf8 29. Nxa7 Rxh3 30. Nb5+ Kb6 31. Rd8 Bc5 32. Rxb8 Kxb5 33. Rxb7+ Kc6 34. Rxg7 Rh2+ 35. Kd3 Rxb2 36. a4 Rh2 37. e4 Rh3+ 38. Kc4 Be3 39. Bd7+ Kd6 40. Kb5 Rh1 41. Bf5 Rb1+ 42. Kc4 Ra1 43. Rd7+ Kc6 44. Rf7 Bc5 45. Bd7+ Kd6 46. Be8 Bg1 47. Rd7+ Ke6 48. Kb5 Rb1+ 49. Kc6 1-0

[Event "Festival - Open A"]
[Site "Trieste ITA"]
[Date "2008.09.04"]
[Round "6"]
[White "Tiviakov, Sergei"]
[Black "Lenic, Luka"]
[Result "1/2-1/2"]
[WhiteElo "2645"]
[BlackElo "2584"]
[PlyCount "28"]
[EventDate "2008.??.??"]
[Source "www.chesslib.no"]
[SourceDate "2004.05.04"]

1. e4 c5 2. c3 d5 3. exd5 Qxd5 4. d4 Nf6 5. Nf3 e6 6. Na3 Nc6 7. Be3 Ng4 8. Bg5 Bd7 9. Nb5 Rc8 10. h3 Nf6 11. c4 Qe4+ 12. Be2 Nxd4 13. Nbxd4 cxd4 14. O-O Bc5 1/2-1/2

[Event "Tilburg (m/2)"]
[Site "?"]
[Date "1993.??.??"]
[Round "?"]
[White "Rozentalis, E."]
[Black "Andersson, U."]
[Result "1-0"]
[WhiteElo "2600"]
[BlackElo "2625"]
[PlyCount "123"]
[EventDate "1993.??.??"]
[Source "ChessBase"]
[SourceDate "1993.10.01"]

1. e4 c5 2. c3 d5 3. exd5 Qxd5 4. d4 e6 5. Nf3 Nf6 6. Be3 cxd4 7. cxd4 Nc6 8. Nc3 Qd6 9. a3 Be7 10. Bd3 O-O 11. Qc2 Bd7 12. O-O Rac8 13. Rad1 Rfd8 14. Rfe1 Be8 15. Bc1 h6 16. Qe2 Bf8 17. Bb1 g6 18. Ba2 Bg7 19. h3 Ne7 20. Ne5 Nf5 21. Bf4 Qa6 22. Qxa6 bxa6 23. d5 exd5 24. Nxd5 g5 25. Bh2 Kf8 26. Nc3 Rxd1 27. Rxd1 Kg8 28. Kf1 Bf8 29. Rd3 Kg7 30. Ng4 Nxg4 31. hxg4 Ne7 32. Ke1 Ng6 33. Kd2 Nf4 34. Bxf4 gxf4 35. Bd5 Be7 36. Rd4 Bf6 37. Re4 Rd8 38. Kc2 Kf8 39. Bc4 Rd4 40. Bxa6 Bc6 41. Rxd4 Bxd4 42. f3 Ke7 43. Kd3 Be5 44. b4 f6 45. Bc8 Be8 46. Bb7 h5 47. gxh5 Bxh5 48. Nb5 Bb8 49. Kc4 Bf7+ 50. Kc5 Be8 51. Bc8 Kd8 52. Bf5 Ke7 53. Nd4 Bd6+ 54. Kd5 Be5 55. Nc6+ Bxc6+ 56. Kxc6 Bb2 57. a4 Bc3 58. b5 Ba5 59. Kb7 Bb6 60. Ka6 Kd6 61. a5 Bc5 62. Kb7 1-0

[Event "Europa ch 2008"]
[Site "Plovdiv BUL"]
[Date "2008.04.25"]
[Round "5.32"]
[White "Roiz, Michael"]
[Black "Balogh, Csaba"]
[Result "1/2-1/2"]
[WhiteElo "2659"]
[BlackElo "2559"]
[PlyCount "45"]
[EventDate "2008.04.21"]
[Source "www.chesslib.no"]
[SourceDate "2004.05.04"]

1. e4 c5 2. c3 d5 3. exd5 Qxd5 4. d4 Nf6 5. Nf3 e6 6. Na3 Nc6 7. Be3 cxd4 8. Nb5 Qd8 9. Nbxd4 Nd5 10. Bc1 Be7 11. Nb5 Bd7 12. Nbd4 Bc8 13. Bb5 Bd7 14. Nxc6 Bxc6 15. Bxc6+ bxc6 16. O-O O-O 17. Qe2 Qc7 18. g3 c5 19. c4 Nb4 20. Qe4 Qc6 21. Qxc6 Nxc6 22. Be3 Rfb8 23. b3 1/2-1/2

[Event "50th It"]
[Site "Reggio Emilia ITA"]
[Date "2008.01.02"]
[Round "5"]
[White "Godena, M."]
[Black "Landa, K."]
[Result "1/2-1/2"]
[WhiteElo "2535"]
[BlackElo "2678"]
[PlyCount "51"]
[EventDate "2007.12.29"]
[Source "www.chesslib.no"]
[SourceDate "2004.05.04"]

1. e4 c5 2. c3 d5 3. exd5 Qxd5 4. d4 e6 5. Nf3 Nf6 6. Be2 Nc6 7. O-O cxd4 8. cxd4 Be7 9. Nc3 Qd6 10. Nb5 Qd8 11. Bf4 Nd5 12. Bg3 O-O 13. Bc4 a6 14. Bxd5 exd5 15. Nc7 Ra7 16. Qb3 Bd6 17. Bxd6 Qxd6 18. Qb6 f6 19. Rfc1 Rf7 20. Nxd5 Qxd5 21. Rc5 Qd6 22. d5 Qc7 23. Qb3 Qd6 24. Qb6 Qc7 25. Qb3 Qd6 26. Qb6 1/2-1/2

[Event "Frank K Berry - Camp. USA"]
[Site "Tulsa USA"]
[Date "2008.05.17"]
[Round "5"]
[White "Onischuk, Al"]
[Black "Kudrin, S."]
[Result "1/2-1/2"]
[WhiteElo "2664"]
[BlackElo "2549"]
[PlyCount "114"]
[EventDate "2008.05.13"]
[Source "www.chesslib.no"]
[SourceDate "2004.05.04"]

1. e4 c5 2. c3 d5 3. exd5 Qxd5 4. d4 g6 5. Nf3 Bg7 6. Nbd2 cxd4 7. Bc4 Qd8 8. Nxd4 Nh6 9. N2f3 O-O 10. O-O Nf5 11. Re1 Nxd4 12. Nxd4 Qc7 13. Bb3 a6 14. Bg5 e6 15. Qf3 Bd7 16. Qe4 Nc6 17. Bf4 Qc8 18. Nf3 Na5 19. Bd6 Rd8 20. Qf4 Nxb3 21. axb3 Bc6 22. Nd4 Qd7 23. Bc7 Rdc8 24. Bd6 Rd8 25. Bc7 Rdc8 26. Bd6 Bd5 27. Qg3 f6 28. Rad1 e5 29. Nf5 Qxf5 30. Rxd5 Rd8 31. Red1 Rd7 32. c4 Rad8 33. h3 Bf8 34. Bxf8 Kxf8 35. Qc3 Ke8 36. Qe3 Qe6 37. Qe4 Qf5 38. Qe3 Qe6 39. Qc5 h5 40. f3 h4 41. Qa5 Ke7 42. f4 e4 43. Kf2 Rxd5 44. cxd5 Qd6 45. Ke3 g5 46. Qa3 gxf4+ 47. Kxe4 Rg8 48. Rf1 Rxg2 49. Rxf4 Qxa3 50. bxa3 Rg3 51. Rxh4 Rxb3 52. Rh7+ Kd6 53. Rh6 Rxa3 54. Rxf6+ Kc5 55. d6 Kc6 56. Rf7 Rxh3 57. Rc7+ Kxd6 1/2-1/2

[Event "15. European Team Championship"]
[Site "?"]
[Date "2005.07.31"]
[Round "2.8"]
[White "Papaioannou Ioannis"]
[Black "Cheparinov Ivan"]
[Result "1/2-1/2"]
[WhiteElo "2578"]
[BlackElo "2634"]
[PlyCount "113"]
[EventDate "2005.??.??"]
[Source "www.chesslib.no"]
[SourceDate "2004.05.04"]

1. e4 c5 2. c3 d5 3. exd5 Qxd5 4. d4 Nc6 5. Nf3 Bg4 6. Be2 cxd4 7. cxd4 e6 8. Nc3 Bb4 9. O-O Qa5 10. h3 Bxf3 11. Bxf3 Nge7 12. Be3 O-O 13. Qb3 Rfd8 14. a3 Bxc3 15. bxc3 Qc7 16. Bg5 Rd7 17. Bxe7 Nxe7 18. Rab1 Rc8 19. Qa4 b6 20. Rfc1 h6 21. g3 Qd8 22. Qa6 Rdc7 23. Bb7 Rb8 24. Bg2 Qd7 25. a4 Rbc8 26. a5 Rxc3 27. Rxc3 Rxc3 28. axb6 axb6 29. Qxb6 Rc4 30. Qb8+ Rc8 31. Qe5 Ng6 32. Qe3 Rd8 33. Rb4 Qd6 34. Ra4 Ne7 35. Qe5 Nf5 36. Qxd6 Rxd6 37. Be4 Rxd4 38. Ra8+ Kh7 39. Bxf5+ exf5 40. Ra7 Kg6 41. Ra6+ f6 42. f4 Rd2 43. Ra7 Re2 44. Rb7 Kh7 45. Rb5 g6 46. Rb7+ Kg8 47. Ra7 Kf8 48. Rb7 Re7 49. Rb5 Rd7 50. h4 Ke7 51. h5 Kf7 52. hxg6+ Kxg6 53. Kg2 h5 54. Kf3 Rd3+ 55. Kf2 Rd2+ 56. Kf3 Rd6 57. Ra5 1/2-1/2

[Event "Corus-B"]
[Site "Wijk aan Zee"]
[Date "2004.01.19"]
[Round "8"]
[White "Fressinet, Laurent"]
[Black "Naiditsch, Arkadij"]
[Result "0-1"]
[WhiteElo "2636"]
[BlackElo "2576"]
[PlyCount "72"]
[EventDate "2004.01.10"]
[Source "ChessBase"]
[SourceDate "2004.03.30"]

1. e4 c5 2. c3 d5 3. exd5 Qxd5 4. d4 Nf6 5. Nf3 Bg4 6. dxc5 Qxd1+ 7. Kxd1 Nc6 8. Be3 Nd5 9. Kc1 e6 10. b4 Bxf3 11. gxf3 a5 12. b5 Ne5 13. Bd4 Nxf3 14. Nd2 Nxd4 15. cxd4 Be7 16. Nf3 Bf6 17. Kc2 O-O-O 18. Rd1 Rd7 19. Bc4 Rhd8 20. Rd2 e5 21. dxe5 Nb4+ 22. Kb3 Rxd2 23. Nxd2 Bxe5 24. Nf3 Bf6 25. Ka4 Nd3 26. Kxa5 Kc7 27. Ka4 Nxc5+ 28. Kb4 Kb6 29. Re1 Ra8 30. Ne5 Ra4+ 31. Kc3 Nd7 32. f4 Kc5 33. Re4 Nb6 34. Bd3 Rxa2 35. h3 Rh2 36. Bf1 Rf2 0-1

[Event "Correze m"]
[Site "Correze"]
[Date "1992.??.??"]
[Round "1"]
[White "Lautier, Joel"]
[Black "Sokolov, Ivan"]
[Result "1-0"]
[WhiteElo "2580"]
[BlackElo "2630"]
[PlyCount "121"]
[EventDate "1992.03.??"]
[Source "ChessBase"]

1. e4 c5 2. c3 d5 3. exd5 Qxd5 4. d4 Nf6 5. Nf3 e6 6. Be3 cxd4 7. cxd4 Be7 8. Nc3 Qd8 9. Bc4 Nc6 10. O-O Nd5 11. Bxd5 exd5 12. Qb3 O-O 13. Qxd5 Bf6 14. Rfd1 Na5 15. Rac1 Be6 16. Qe4 Re8 17. d5 Bd7 18. Qf4 Rc8 19. Bd4 Nc4 20. b3 Nb6 21. h3 Bxd4 22. Qxd4 Qf6 23. Qxf6 gxf6 24. Nd4 Red8 25. Nde2 Kg7 26. Nf4 Bf5 27. f3 Kf8 28. Kf2 Rd7 29. g4 Rdc7 30. Nce2 Rxc1 31. Rxc1 Rxc1 32. Nxc1 Bb1 33. Ke3 Ke7 34. Kd4 Kd6 35. b4 Nd7 36. Nfe2 Ne5 37. f4 Ng6 38. Nc3 Bc2 39. N1e2 a6 40. a4 f5 41. g5 Bb3 42. Ng3 Nxf4 43. Nxf5+ Kc7 44. h4 Bc2 45. Ne3 Bg6 46. a5 b6 47. axb6+ Kxb6 48. Nc4+ Kc7 49. Na4 Ng2 50. Nc5 Nxh4 51. Nxa6+ Kc8 52. b5 Nf3+ 53. Kc5 Nxg5 54. d6 Bd3 55. d7+ Kxd7 56. Ne5+ Kc8 57. Nxd3 Ne6+ 58. Kc4 Kb7 59. Nac5+ Kb6 60. Nxe6 fxe6 61. Nc5 1-0

[Event "Bundesliga 2003-4"]
[Site "GER"]
[Date "2003.12.13"]
[Round "5.3"]
[White "Vallejo Pons, Francisco"]
[Black "Efimenko, Zahar"]
[Result "1/2-1/2"]
[WhiteElo "2662"]
[BlackElo "2547"]
[PlyCount "62"]
[EventDate "2003.11.23"]
[Source "Roberto Alvarez"]
[SourceDate "2003.12.15"]

1. e4 c5 2. c3 d5 3. exd5 Qxd5 4. d4 Nf6 5. Nf3 e6 6. Na3 Nc6 7. Nb5 Qd8 8. dxc5 Bxc5 9. Qxd8+ Kxd8 10. Bf4 Ne4 11. Ng5 Nxg5 12. Bxg5+ f6 13. Bf4 e5 14. Be3 Bxe3 15. fxe3 Bd7 16. O-O-O a6 17. Nd6 Kc7 18. Be2 Rhd8 19. Ne4 Bf5 20. Nc5 Rxd1+ 21. Rxd1 Rd8 22. Rf1 Bc8 23. Bc4 Rd6 24. Ne4 Rd8 25. Nc5 Rd6 26. Ne4 Rd8 27. Ng3 b5 28. Be2 Be6 29. b3 Rd7 30. Rd1 Rxd1+ 31. Kxd1 f5 1/2-1/2

[Event "UK-CHN Match"]
[Site "Liverpool ENG"]
[Date "2007.09.08"]
[Round "5"]
[White "Howell, D."]
[Black "Bu Xiangzhi"]
[Result "0-1"]
[WhiteElo "2519"]
[BlackElo "2685"]
[PlyCount "124"]
[EventDate "2007.09.04"]
[Source "www.chesslib.no"]
[SourceDate "2004.05.04"]

1. e4 c5 2. c3 d5 3. exd5 Qxd5 4. d4 Nc6 5. Nf3 Bg4 6. dxc5 Qxd1+ 7. Kxd1 e5 8. b4 a5 9. Bb5 Nge7 10. Bd2 e4 11. h3 Bd7 12. Ne1 Nd5 13. Nc2 Be7 14. a3 Bf6 15. Re1 O-O-O 16. Ne3 Be6 17. Kc1 Ne5 18. Nxd5 Bxd5 19. Bf4 Rhe8 20. Nd2 Nd3+ 21. Bxd3 exd3 22. Kb2 Kd7 23. g3 Kc6 24. Nb3 axb4 25. axb4 Re2+ 26. Rxe2 dxe2 27. Re1 Bf3 28. Nd2 Rd3 29. Nxf3 Bxc3+ 30. Kc2 Rxf3 31. Rxe2 Bxb4 32. Re7 Bxc5 33. Rc7+ Kd5 34. Rxb7 Ke6 35. Rc7 Bd4 36. Kd2 f5 37. Ke2 Rxf2+ 38. Kd3 Bf6 39. Rc6+ Kf7 40. Rc7+ Kg6 41. Ke3 Rh2 42. h4 Ra2 43. Rc5 Bd8 44. Kf3 Bf6 45. h5+ Kxh5 46. Rxf5+ Kg6 47. Rd5 Ra3+ 48. Kg4 Ra4 49. Rb5 h6 50. Kf3 Ra3+ 51. Kg4 Bd4 52. Be5 h5+ 53. Kh3 Be3 54. Bb2 Ra7 55. Re5 Bg5 56. Rb5 Be7 57. Rb6+ Kf7 58. Rb8 g5 59. Bd4 Rd7 60. Bf2 Rd2 61. g4 hxg4+ 62. Kg2 g3 0-1

[Event "6. EICC"]
[Site "?"]
[Date "2005.06.19"]
[Round "2"]
[White "Khairullin Ildar"]
[Black "Motylev Alexander"]
[Result "1/2-1/2"]
[WhiteElo "2517"]
[BlackElo "2680"]
[PlyCount "36"]
[EventDate "2005.??.??"]
[Source "www.chesslib.no"]
[SourceDate "2004.05.04"]

1. e4 c5 2. c3 d5 3. exd5 Qxd5 4. d4 Nf6 5. Nf3 Bg4 6. dxc5 Qxd1+ 7. Kxd1 Nc6 8. Ke1 e6 9. b4 Bxf3 10. gxf3 a5 11. Bb5 Nd5 12. Bd2 Be7 13. a3 O-O 14. Ra2 axb4 15. Bxc6 bxc3 16. Bxb7 cxd2+ 17. Nxd2 Ra5 18. Bxd5 exd5 1/2-1/2

[Event "Pula"]
[Site "?"]
[Date "1997.??.??"]
[Round "?"]
[White "Rozentalis, E."]
[Black "Godena, M."]
[Result "1-0"]
[WhiteElo "2650"]
[BlackElo "2545"]
[PlyCount "123"]
[EventDate "1997.??.??"]
[Source "ChessBase"]
[SourceDate "1997.02.01"]

1. e4 c5 2. c3 d5 3. exd5 Qxd5 4. d4 Nf6 5. Be3 Bg4 6. f3 cxd4 7. cxd4 Bd7 8. Nc3 Qa5 9. Bc4 e6 10. Nge2 Be7 11. O-O O-O 12. a3 Nc6 13. b4 Qd8 14. Qd3 a6 15. Bb3 Na7 16. Rfe1 Bb5 17. Nxb5 Nxb5 18. Bg5 Nc7 19. Nc3 Nfd5 20. Bc2 g6 21. Bh6 Re8 22. Ne4 Nf6 23. Ba4 b5 24. Bb3 a5 25. Nc5 axb4 26. axb4 Nfd5 27. Qd2 Rxa1 28. Rxa1 Bf8 29. Bxf8 Rxf8 30. Ra7 Qd6 31. g3 Ra8 32. Rb7 Kg7 33. Kg2 Qc6 34. Qe1 Kg8 35. Qe5 Rd8 36. h4 h5 37. Bc2 Qd6 38. Be4 Qxe5 39. dxe5 Ra8 40. Bxd5 Nxd5 41. Rxb5 Ra2+ 42. Kg1 Ra1+ 43. Kf2 Ra2+ 44. Ke1 Ra1+ 45. Kd2 Ra2+ 46. Kd3 Ra3+ 47. Kd4 Rxf3 48. Rb8+ Kg7 49. Rb7 Kg8 50. Ne4 Rb3 51. b5 Rb4+ 52. Kd3 Rb3+ 53. Kc2 Re3 54. Nf6+ Kg7 55. Nxd5 exd5 56. Re7 Rxg3 57. b6 Rg2+ 58. Kb3 Rg1 59. b7 Rb1+ 60. Kc2 Rb5 61. Rd7 g5 62. e6 1-0

[Event "TCh-AUT 1st Bundesliga 2007-8"]
[Site "Graz AUT"]
[Date "2008.03.15"]
[Round "10"]
[White "Pavasovic, D."]
[Black "Babula, V."]
[Result "1/2-1/2"]
[WhiteElo "2601"]
[BlackElo "2594"]
[PlyCount "35"]
[EventDate "2008.03.14"]
[Source "www.chesslib.no"]
[SourceDate "2004.05.04"]

1. e4 c5 2. c3 d5 3. exd5 Qxd5 4. d4 Nf6 5. Nf3 Bg4 6. Be2 e6 7. h3 Bh5 8. Na3 Nc6 9. Be3 cxd4 10. Nb5 O-O-O 11. Nbxd4 Bc5 12. O-O e5 13. Nf5 Qe4 14. Nd2 Qxf5 15. Bxc5 Bxe2 16. Qxe2 Qd3 17. Qxd3 Rxd3 18. Nc4 1/2-1/2

[Event "BL 0607 SF Katernberg - SK König-Tegel"]
[Site "Germania"]
[Date "2007.03.31"]
[Round "14.1"]
[White "Rabiega, Robert"]
[Black "Motylev, Alexander"]
[Result "0-1"]
[WhiteElo "2529"]
[BlackElo "2662"]
[PlyCount "104"]
[EventDate "2006.10.28"]
[Source "www.chesslib.no"]
[SourceDate "2004.05.04"]

1. e4 c5 2. c3 d5 3. exd5 Qxd5 4. d4 Nf6 5. Nf3 Bg4 6. Be2 e6 7. h3 Bh5 8. O-O Nc6 9. Be3 cxd4 10. Nxd4 Nxd4 11. Bxd4 O-O-O 12. Nd2 Bc5 13. Nb3 Bxd4 14. Nxd4 Rd7 15. Qa4 Bxe2 16. Nxe2 Qc5 17. Rad1 Rhd8 18. Rxd7 Rxd7 19. Rd1 Rxd1+ 20. Qxd1 a6 21. Qd3 Qd5 22. Qxd5 Nxd5 23. Kf1 b5 24. Ke1 Kd7 25. Kd2 e5 26. g4 h5 27. gxh5 Ke6 28. b3 f5 29. f3 Nf6 30. Ng3 f4 31. Ne4 Nxe4+ 32. fxe4 a5 33. Ke2 Kf6 34. h4 a4 35. Kf3 Ke6 36. Ke2 Kd6 37. Kd3 Kc6 38. Ke2 b4 39. c4 Kb6 40. Kd2 Kc5 41. Kd3 a3 42. Ke2 Kd4 43. Kf3 Kc3 44. c5 Kb2 45. c6 Kxa2 46. c7 Kb1 47. c8=Q a2 48. Qb7 a1=Q 49. Qxb4 Kb2 50. Kg4 Qd1+ 51. Kg5 f3 52. Qc5 Qc1+ 0-1

[Event "ST Lee Cup 4th"]
[Site "Beijing"]
[Date "1997.09.02"]
[Round "9"]
[White "Speelman, Jonathan S"]
[Black "Pigusov, Evgeny"]
[Result "1/2-1/2"]
[WhiteElo "2630"]
[BlackElo "2560"]
[PlyCount "61"]
[EventDate "1997.08.23"]
[Source "ChessBase"]
[SourceDate "1997.11.23"]

1. e4 c5 2. c3 d5 3. exd5 Qxd5 4. d4 Nf6 5. Nf3 Bg4 6. Be2 e6 7. h3 Bh5 8. O-O Nc6 9. Be3 cxd4 10. cxd4 Be7 11. Nc3 Qd6 12. a3 O-O 13. Qb3 a6 14. Rfd1 Rfd8 15. Rd2 b5 16. Rad1 Rac8 17. d5 Na5 18. Qa2 e5 19. Nh4 Nc4 20. Bxh5 Nxh5 21. Nf5 Qd7 22. Nxe7+ Qxe7 23. Re2 h6 24. Qb1 Nf6 25. Bc1 Rd7 26. Qf5 Re8 27. b3 Nxa3 28. Rde1 b4 29. Rxe5 Qd8 30. Rxe8+ Nxe8 31. Bxa3 1/2-1/2

[Event "Linares"]
[Site "Linares"]
[Date "1983.??.??"]
[Round "?"]
[White "Spassky, Boris V"]
[Black "Miles, Anthony J"]
[Result "1/2-1/2"]
[WhiteElo "2605"]
[BlackElo "2585"]
[PlyCount "26"]
[EventDate "1983.02.??"]
[Source "ChessBase"]

1. e4 c5 2. c3 d5 3. exd5 Qxd5 4. d4 Nf6 5. Nf3 Bg4 6. Be2 e6 7. O-O Nc6 8. Be3 cxd4 9. Nxd4 Bxe2 10. Qxe2 Nxd4 11. Bxd4 Be7 12. Rd1 Qc6 13. Nd2 O-O 1/2-1/2

[Event "Cappelle la Grande (20eme open)"]
[Site "?"]
[Date "2004.03.06"]
[Round "9"]
[White "Vysochin Spartak"]
[Black "Najer Evgeniy"]
[Result "1/2-1/2"]
[WhiteElo "2584"]
[BlackElo "2602"]
[PlyCount "52"]
[EventDate "2004.??.??"]
[Source "www.chesslib.no"]
[SourceDate "2004.05.04"]

1. e4 c5 2. c3 d5 3. exd5 Qxd5 4. d4 Nf6 5. Nf3 e6 6. Be2 Be7 7. O-O O-O 8. c4 Qd8 9. dxc5 Bxc5 10. Nc3 b6 11. Qc2 Bb7 12. Bg5 Nbd7 13. Rad1 Qc7 14. Bh4 h6 15. a3 Rfe8 16. b4 Bf8 17. Nb5 Qc6 18. Nbd4 Qc8 19. Nb5 Qc6 20. Nbd4 Qc8 21. Nb5 Qc6 22. Qd2 e5 23. Nd6 Bxd6 24. Qxd6 Re6 25. Qxd7 Nxd7 26. Ra1 Bc8 1/2-1/2

[Event "CRO-chT"]
[Site "Rabac"]
[Date "2003.09.10"]
[Round "4"]
[White "Pavasovic, Dusko"]
[Black "Berkes, Ferenc"]
[Result "1/2-1/2"]
[WhiteElo "2596"]
[BlackElo "2590"]
[PlyCount "38"]
[EventDate "2003.09.07"]
[Source "Roberto Alvarez"]
[SourceDate "2003.09.22"]

1. e4 c5 2. c3 d5 3. exd5 Qxd5 4. d4 Nf6 5. Nf3 e6 6. Na3 Be7 7. Nb5 Na6 8. Be3 O-O 9. dxc5 Bxc5 10. Bxc5 Nxc5 11. c4 Qd8 12. Be2 a6 13. Nc3 b6 14. O-O Qc7 15. b4 Ncd7 16. Qd4 Bb7 17. Rfd1 Rac8 18. Rac1 Bxf3 19. gxf3 Rfd8 1/2-1/2

[Event "Stepanakert"]
[Site "?"]
[Date "2004.??.??"]
[Round "?"]
[White "Kobalia, M."]
[Black "Ghaem Maghami, E."]
[Result "1-0"]
[WhiteElo "2640"]
[BlackElo "2545"]
[PlyCount "81"]
[EventDate "2004.??.??"]
[Source "Chess Informant"]
[SourceDate "2004.02.01"]

1. e4 c5 2. c3 d5 3. exd5 Qxd5 4. d4 Nc6 5. Nf3 Bg4 6. Be2 cxd4 7. cxd4 e6 8. Nc3 Qa5 9. h3 Bh5 10. d5 exd5 11. Nd4 Bxe2 12. Qxe2+ Be7 13. Nxc6 bxc6 14. O-O Kf8 15. Bd2 Nf6 16. Rfe1 Qd8 17. Rac1 h6 18. Bf4 Qd7 19. Qa6 g5 20. Be5 Kg7 21. Nxd5 cxd5 22. Rc6 Qd8 23. Bd4 Rc8 24. Rxc8 Qxc8 25. Qxc8 Rxc8 26. Rxe7 Rc1+ 27. Kh2 Rd1 28. Be5 Kg6 29. f3 a6 30. Ra7 Kf5 31. Bc7 Rd2 32. Kg1 h5 33. Bd8 Ne8 34. Rxf7+ Kg6 35. Rf8 Ng7 36. Rf6+ Kh7 37. Rxa6 Rxb2 38. Bf6 Rb1+ 39. Kf2 Nf5 40. g4 hxg4 41. hxg4 1-0

[Event "Memorial A.Kotov"]
[Site "Tula (Russia)"]
[Date "2008.01.08"]
[Round "7"]
[White "Afromeev Vladimir (RUS)"]
[Black "Aveskulov Valeriy (UKR)"]
[Result "1/2-1/2"]
[WhiteElo "2646"]
[BlackElo "2532"]
[PlyCount "31"]
[EventDate "2008.??.??"]
[Source "www.chesslib.no"]
[SourceDate "2004.05.04"]

1. e4 c5 2. c3 d5 3. exd5 Qxd5 4. d4 Nf6 5. Nf3 Bg4 6. Nbd2 Nc6 7. Bc4 Bxf3 8. Qb3 Na5 9. Qb5+ Qd7 10. Nxf3 Nxc4 11. Qxc4 cxd4 12. Qxd4 Qxd4 13. Nxd4 a6 14. Ke2 e6 15. Rd1 Be7 16. Bf4 1/2-1/2

[Event "EuTCh"]
[Site "Plovdiv"]
[Date "2003.10.11"]
[Round "1"]
[White "Godena, Michele"]
[Black "Van Wely, Loek"]
[Result "1/2-1/2"]
[WhiteElo "2523"]
[BlackElo "2654"]
[PlyCount "40"]
[EventDate "2003.10.10"]
[Source "Roberto Alvarez"]
[SourceDate "2003.10.20"]

1. e4 c5 2. c3 d5 3. exd5 Qxd5 4. d4 Nf6 5. Nf3 Bg4 6. Be2 e6 7. h3 Bh5 8. O-O Nc6 9. Be3 cxd4 10. Nxd4 Bxe2 11. Qxe2 Be7 12. Rd1 O-O 13. Nd2 Rfd8 14. N2f3 a6 15. c4 Qe4 16. Nxc6 Qxc6 17. b3 Bc5 18. Rxd8+ Rxd8 19. Bxc5 Qxc5 20. Rd1 Rxd1+ 1/2-1/2

[Event "Rijeka CRO, 1. Liburnija GM"]
[Site "?"]
[Date "2005.04.15"]
[Round "5"]
[White "Pavasovic Dusko"]
[Black "Marcus Robert"]
[Result "1/2-1/2"]
[WhiteElo "2593"]
[BlackElo "2584"]
[PlyCount "32"]
[EventDate "2005.??.??"]
[Source "www.chesslib.no"]
[SourceDate "2004.05.04"]

1. e4 c5 2. c3 d5 3. exd5 Qxd5 4. d4 Nf6 5. Nf3 e6 6. Be3 cxd4 7. cxd4 Bd7 8. Nc3 Qa5 9. Be2 Bc6 10. O-O Nbd7 11. a3 Bd6 12. b4 Qd8 13. Bg5 h6 14. Bxf6 Nxf6 15. Ne5 O-O 16. Nxc6 bxc6 1/2-1/2

[Event "Europa ch 2008"]
[Site "Plovdiv BUL"]
[Date "2008.04.30"]
[Round "9.36"]
[White "Potkin, Vladimir"]
[Black "Balogh, Csaba"]
[Result "1/2-1/2"]
[WhiteElo "2617"]
[BlackElo "2559"]
[PlyCount "169"]
[EventDate "2008.04.21"]
[Source "www.chesslib.no"]
[SourceDate "2004.05.04"]

1. e4 c5 2. c3 d5 3. exd5 Qxd5 4. d4 Nf6 5. Nf3 e6 6. Be2 Nc6 7. O-O cxd4 8. cxd4 Be7 9. Nc3 Qd6 10. Nb5 Qd8 11. Bf4 Nd5 12. Bg3 O-O 13. Rc1 a6 14. Nc3 Nf6 15. a3 b6 16. Bc4 Bb7 17. Ba2 Rc8 18. Qd3 b5 19. b4 Qb6 20. Bh4 Rfd8 21. d5 a5 22. Bxf6 Bxf6 23. Ne4 Ne7 24. Nfg5 Ng6 25. Qh3 Bxg5 26. Nxg5 h6 27. bxa5 Qd6 28. Rxc8 Bxc8 29. dxe6 hxg5 30. exf7+ Kf8 31. Qh7 Qd2 32. Qg8+ Ke7 33. Qxg7 Nf8 34. h4 gxh4 35. Qe5+ Ne6 36. Bxe6 Bxe6 37. Re1 Qd6 38. Qxb5 h3 39. a6 Kxf7 40. Qh5+ Kf6 41. Qh6+ Kf7 42. Qh5+ Kf6 43. Qf3+ Kg7 44. a7 h2+ 45. Kh1 Bd5 46. Qg4+ Kf7 47. Qh5+ Kf6 48. Qh4+ Kf7 49. Qh5+ Kf6 50. Re3 Qf4 51. Rg3 Be4 52. Kxh2 Ra8 53. Qc5 Qe5 54. Qxe5+ Kxe5 55. Rg5+ Kf4 56. Rg7 Rh8+ 57. Kg1 Rc8 58. f3 Bd5 59. Rg4+ Ke3 60. Rg5 Ba8 61. Re5+ Kf4 62. Re7 Bd5 63. a4 Kf5 64. Kf2 Kf6 65. Rh7 Bf7 66. a5 Ra8 67. Rh1 Rxa7 68. Ra1 Re7 69. g4 Bc4 70. Rc1 Bb5 71. Rc5 Bd3 72. Kg3 Re1 73. Rc3 Bf1 74. Ra3 Ba6 75. Rb3 Bf1 76. Ra3 Ba6 77. Rb3 Bf1 78. Rb6+ Kf7 79. a6 Ra1 80. Rb7+ Kf6 81. a7 Ra3 82. Kh4 Bg2 83. Rb2 Bxf3 84. Rf2 Rxa7 85. Rxf3+ 1/2-1/2

[Event "Barcelona"]
[Site "?"]
[Date "1992.??.??"]
[Round "?"]
[White "Lautier, J."]
[Black "Romanishin, O."]
[Result "1-0"]
[WhiteElo "2580"]
[BlackElo "2595"]
[PlyCount "57"]
[EventDate "1992.??.??"]
[Source "ChessBase"]
[SourceDate "1992.02.01"]

1. e4 c5 2. c3 d5 3. exd5 Qxd5 4. d4 Nf6 5. Nf3 e6 6. Be3 cxd4 7. cxd4 Bd7 8. Nc3 Qa5 9. Bd3 Bc6 10. O-O Nbd7 11. a3 Bd6 12. h3 Rc8 13. b4 Qd8 14. Nb5 Bb8 15. Rc1 O-O 16. Nc3 Qe7 17. Ne5 Bd5 18. Re1 a5 19. Bg5 Qd6 20. bxa5 Bc6 21. Qd2 Qxa3 22. Nc4 Qe7 23. d5 Nc5 24. Bb1 Rfd8 25. Qc2 Be8 26. d6 Bxd6 27. Bxf6 Qxf6 28. Qxh7+ Kf8 29. Qh8+ 1-0

[Event "Open A"]
[Site "?"]
[Date "2005.09.08"]
[Round "7"]
[White "Pavasovic Dusko"]
[Black "Landa Konstantin"]
[Result "1/2-1/2"]
[WhiteElo "2566"]
[BlackElo "2609"]
[PlyCount "34"]
[EventDate "2005.??.??"]
[Source "www.chesslib.no"]
[SourceDate "2004.05.04"]

1. e4 c5 2. c3 d5 3. exd5 Qxd5 4. d4 e6 5. Nf3 Nf6 6. Na3 Nc6 7. Be2 cxd4 8. Nb5 Qd8 9. O-O Bc5 10. Nbxd4 Nxd4 11. Nxd4 O-O 12. Nb3 Bd6 13. Bg5 Qc7 14. g3 Ne4 15. Be3 Rd8 16. Qc2 Nf6 17. Bf3 e5 1/2-1/2